Statistics for All UK Parliament Constituencies

Click here to take the quiz!

General Stats

  • This quiz has been taken 2,424 times
    (2,139 since last reset)
  • The average score is 607 of 650

Answer Stats

RegionConstituency% Correct
Greater LondonCities of London and Westminster
99%
North WestLiverpool, Riverside
99%
North WestLiverpool, Walton
99%
North WestLiverpool, Wavertree
99%
North WestLiverpool, West Derby
99%
North WestManchester Central
99%
North WestManchester, Gorton
99%
North WestManchester, Withington
99%
ScotlandAberdeen North
98%
ScotlandAberdeen South
98%
West MidlandsBirmingham, Edgbaston
98%
West MidlandsBirmingham, Erdington
98%
West MidlandsBirmingham, Hall Green
98%
West MidlandsBirmingham, Hodge Hill
98%
West MidlandsBirmingham, Ladywood
98%
West MidlandsBirmingham, Northfield
98%
West MidlandsBirmingham, Perry Barr
98%
West MidlandsBirmingham, Selly Oak
98%
West MidlandsBirmingham, Yardley
98%
EasternCambridge
98%
WalesCardiff Central
98%
WalesCardiff North
98%
WalesCardiff South and Penarth
98%
WalesCardiff West
98%
ScotlandEdinburgh East
98%
ScotlandEdinburgh North and Leith
98%
ScotlandEdinburgh South
98%
ScotlandEdinburgh South West
98%
ScotlandEdinburgh West
98%
ScotlandGlasgow Central
98%
ScotlandGlasgow East
98%
ScotlandGlasgow North
98%
ScotlandGlasgow North East
98%
ScotlandGlasgow North West
98%
ScotlandGlasgow South
98%
ScotlandGlasgow South West
98%
Yorkshire & the HumberKingston upon Hull East
98%
Yorkshire & the HumberKingston upon Hull North
98%
Yorkshire & the HumberKingston upon Hull West and Hessle
98%
Yorkshire & the HumberLeeds Central
98%
Yorkshire & the HumberLeeds East
98%
Yorkshire & the HumberLeeds North East
98%
Yorkshire & the HumberLeeds North West
98%
Yorkshire & the HumberLeeds West
98%
West MidlandsNewcastle-under-Lyme
98%
North EastNewcastle upon Tyne Central
98%
North EastNewcastle upon Tyne East
98%
North EastNewcastle upon Tyne North
98%
South EastOxford East
98%
South EastOxford West and Abingdon
98%
South WestPlymouth, Sutton and Devonport
98%
Yorkshire & the HumberYork Central
98%
Yorkshire & the HumberYork Outer
98%
Northern IrelandBelfast East
97%
Northern IrelandBelfast North
97%
Northern IrelandBelfast South
97%
Northern IrelandBelfast West
97%
South EastBrighton, Kemptown
97%
South EastBrighton, Pavilion
97%
South WestBristol East
97%
South WestBristol North West
97%
South WestBristol South
97%
South WestBristol West
97%
South WestCentral Devon
97%
EasternCentral Suffolk and North Ipswich
97%
North WestCity of Chester
97%
North EastCity of Durham
97%
East MidlandsDerby North
97%
East MidlandsDerby South
97%
South WestEast Devon
97%
North EastHoughton and Sunderland South
97%
Greater LondonIslington North
97%
West MidlandsKenilworth and Southam
97%
East MidlandsLeicester East
97%
East MidlandsLeicester South
97%
East MidlandsLeicester West
97%
EasternMid Norfolk
97%
South WestNorth Cornwall
97%
South WestNorth Devon
97%
North EastNorth Durham
97%
EasternNorth Norfolk
97%
North EastNorth West Durham
97%
EasternNorth West Norfolk
97%
EasternNorwich North
97%
EasternNorwich South
97%
East MidlandsNottingham East
97%
East MidlandsNottingham North
97%
East MidlandsNottingham South
97%
South WestPlymouth, Moor View
97%
South EastPortsmouth North
97%
South EastPortsmouth South
97%
Yorkshire & the HumberSheffield, Brightside and Hillsborough
97%
Yorkshire & the HumberSheffield Central
97%
Yorkshire & the HumberSheffield, Hallam
97%
Yorkshire & the HumberSheffield, Heeley
97%
Yorkshire & the HumberSheffield South East
97%
South WestSouth East Cornwall
97%
EasternSouth Norfolk
97%
South WestSouth West Devon
97%
EasternSouth West Norfolk
97%
West MidlandsStoke-on-Trent Central
97%
West MidlandsStoke-on-Trent North
97%
West MidlandsStoke-on-Trent South
97%
North EastSunderland Central
97%
WalesSwansea East
97%
WalesSwansea West
97%
South WestTorridge and West Devon
97%
North EastWashington and Sunderland West
97%
North WestBlackpool North and Cleveleys
96%
North WestBlackpool South
96%
Yorkshire & the HumberBradford East
96%
Yorkshire & the HumberBradford South
96%
Yorkshire & the HumberBradford West
96%
Greater LondonChelsea and Fulham
96%
West MidlandsCoventry North East
96%
West MidlandsCoventry North West
96%
West MidlandsCoventry South
96%
South EastDover
96%
South EastEast Surrey
96%
South WestExeter
96%
South WestGloucester
96%
EasternHarwich and North Essex
96%
EasternIpswich
96%
Greater LondonIslington South and Finsbury
96%
East MidlandsLincoln
96%
North EastMiddlesbrough
96%
South WestMid Dorset and North Poole
96%
East MidlandsNorthampton North
96%
East MidlandsNorthampton South
96%
South EastReading East
96%
South EastReading West
96%
EasternSouth Suffolk
96%
South EastSouth West Surrey
96%
EasternSuffolk Coastal
96%
South EastSurrey Heath
96%
Greater LondonUxbridge and South Ruislip
96%
Greater LondonWestminster North
96%
EasternWest Suffolk
96%
North WestWyre and Preston North
96%
South WestBath
95%
EasternBedford
95%
North WestBolton North East
95%
North WestBolton South East
95%
North WestBolton West
95%
South WestBournemouth East
95%
South WestBournemouth West
95%
Greater LondonBrent Central
95%
Greater LondonBrent North
95%
South WestBridgwater and West Somerset
95%
South EastBuckingham
95%
North WestCarlisle
95%
Greater LondonCroydon Central
95%
Greater LondonCroydon North
95%
Greater LondonCroydon South
95%
Yorkshire & the HumberDoncaster Central
95%
Yorkshire & the HumberDoncaster North
95%
ScotlandDundee East
95%
ScotlandDundee West
95%
South EastEast Hampshire
95%
Northern IrelandEast Londonderry
95%
Yorkshire & the HumberEast Yorkshire
95%
Greater LondonHackney South and Shoreditch
95%
West MidlandsHereford and South Herefordshire
95%
ScotlandInverness, Nairn, Badenoch and Strathsphey
95%
South EastIsle of Wight
95%
Greater LondonKensington
95%
North WestLancaster and Fleetwood
95%
South EastMid Sussex
95%
South EastMilton Keynes North
95%
South EastMilton Keynes South
95%
WalesNewport East
95%
WalesNewport West
95%
South WestNorth Dorset
95%
South EastNorth East Hampshire
95%
South WestNorth East Somerset
95%
South WestNorth Somerset
95%
South EastNorth West Hampshire
95%
ScotlandOrkney and Shetland
95%
North WestPreston
95%
Greater LondonRichmond Park
95%
Yorkshire & the HumberRichmond (Yorks)
95%
South EastRomsey and Southampton North
95%
South EastSouthampton, Itchen
95%
South EastSouthampton, Test
95%
South WestSouth Dorset
95%
West MidlandsStafford
95%
West MidlandsWarwick and Leamington
95%
South WestWest Dorset
95%
West MidlandsWolverhampton North East
95%
West MidlandsWolverhampton South East
95%
West MidlandsWolverhampton South West
95%
West MidlandsWorcester
95%
WalesWrexham
95%
Yorkshire & the HumberBarnsley Central
94%
Yorkshire & the HumberBarnsley East
94%
North WestBarrow and Furness
94%
North EastBerwick-upon-Tweed
94%
North WestBlackburn
94%
Greater LondonBrentford and Isleworth
94%
North WestBurnley
94%
North WestBury North
94%
North WestBury South
94%
EasternBury St Edmunds
94%
South EastCanterbury
94%
WalesCarmarthen West and South Pembrokeshire
94%
South WestCheltenham
94%
East MidlandsChesterfield
94%
EasternColchester
94%
South EastCrawley
94%
Greater LondonDagenham and Rainham
94%
North EastDarlington
94%
East MidlandsDerbyshire Dales
94%
ScotlandDumfries and Galloway
94%
ScotlandDunfermlime and West Fife
94%
Greater LondonEaling Central and Acton
94%
Greater LondonEaling North
94%
Greater LondonEaling, Southall
94%
Northern IrelandEast Antrim
94%
Yorkshire & the HumberGreat Grimsby
94%
Greater LondonGreenwich and Woolwich
94%
Greater LondonHackney North and Stoke Newington
94%
Greater LondonHarrow East
94%
Greater LondonHarrow West
94%
South EastHastings and Rye
94%
EasternHertford and Strortford
94%
Yorkshire & the HumberHuddersfield
94%
Greater LondonIlford South
94%
Greater LondonKingston and Surbiton
94%
Greater LondonLewisham, Deptford
94%
Greater LondonLewisham East
94%
Greater LondonLewisham West and Penge
94%
EasternLuton North
94%
EasternLuton South
94%
South EastMaidenhead
94%
South EastMaidstone and The Weald
94%
East MidlandsMid Derbyshire
94%
Northern IrelandNorth Antrim
94%
EasternNorth East Cambridgeshire
94%
East MidlandsNorth East Derbyshire
94%
ScotlandNorth East Fife
94%
West MidlandsNorth Shropshire
94%
South WestNorth Swindon
94%
EasternNorth West Cambridgeshire
94%
North WestOldham East and Saddleworth
94%
North WestOldham West and Royton
94%
North WestPenrith and The Border
94%
ScotlandPerth and North Perthshire
94%
EasternPeterborough
94%
South WestPoole
94%
North EastRedcar
94%
EasternRochford and Southend East
94%
ScotlandRoss, Skye and Lochaber
94%
Yorkshire & the HumberRotherham
94%
North WestSalford and Eccles
94%
South EastSlough
94%
Northern IrelandSouth Antrim
94%
EasternSouth Cambridgeshire
94%
East MidlandsSouth Derbyshire
94%
EasternSouth East Cambridgeshire
94%
EasternSouthend West
94%
South WestSouth Swindon
94%
ScotlandStirling
94%
North EastStockton North
94%
North EastStockton South
94%
Greater LondonSutton and Cheam
94%
West MidlandsSutton Coldfield
94%
Greater LondonTottenham
94%
EasternWatford
94%
West MidlandsWest Bromwich East
94%
West MidlandsWest Bromwich West
94%
North WestWigan
94%
Greater LondonWimbledon
94%
South EastWinchester
94%
South EastWindsor
94%
South EastAldershot
93%
North WestAltrincham and Sale West
93%
ScotlandAngus
93%
South EastAshford
93%
South EastAylesbury
93%
ScotlandAyr, Carrick and Cumnock
93%
Greater LondonBarking
93%
EasternBasildon and Billericay
93%
Yorkshire & the HumberBatley and Spen
93%
Greater LondonBattersea
93%
Greater LondonBermondsey and Old Southwark
93%
North WestBirkenhead
93%
North EastBishop Auckland
93%
East MidlandsBolsover
93%
East MidlandsBoston and Skegness
93%
West MidlandsBurton
93%
ScotlandCaithness, Sutherland and Easter Ross
93%
South EastChesham and Amersham
93%
South EastChichester
93%
North WestCrewe and Nantwich
93%
South EastDartford
93%
West MidlandsDudley North
93%
West MidlandsDudley South
93%
South EastEastbourne
93%
Greater LondonEast Ham
93%
South EastEastleigh
93%
ScotlandEast Lothian
93%
South EastEast Worthing and Shoreham
93%
Greater LondonEnfield North
93%
Greater LondonEnfield, Southgate
93%
ScotlandFalkirk
93%
Northern IrelandFermanagh and South Tyrone
93%
Greater LondonFinchley and Golders Green
93%
South EastGillingham and Rainham
93%
East MidlandsGrantham and Stamford
93%
EasternGreat Yarmouth
93%
South EastGuildford
93%
Greater LondonHammersmith
93%
Yorkshire & the HumberHarrogate and Knaresborough
93%
North EastHartlepool
93%
Greater LondonHolborn and St Pancras
93%
South EastHove
93%
Greater LondonIlford North
93%
East MidlandsKettering
93%
ScotlandLinlithgow and East Falkirk
93%
East MidlandsLoughborough
93%
North WestMacclesfield
93%
East MidlandsMansfield
93%
North EastMiddlesbrough South and East Cleveland
93%
West MidlandsMid Worcestershire
93%
WalesMonmouth
93%
ScotlandNa h-Eileanan an Iar
93%
Northern IrelandNewry and Armagh
93%
Northern IrelandNorth Down
93%
EasternNorth East Hertfordshire
93%
East MidlandsNorth West Leicestershire
93%
South WestNorth Wiltshire
93%
Greater LondonOld Bexley and Sidcup
93%
ScotlandPaisley and Renfrewshire North
93%
ScotlandPaisley and Renfrewshire South
93%
WalesPreseli Pembrokeshire
93%
North WestRochdale
93%
Greater LondonRuislip, Northwood and Pinner
93%
East MidlandsRutland and Melton
93%
South WestSalisbury
93%
Yorkshire & the HumberScarborough and Whitby
93%
Yorkshire & the HumberScunthorpe
93%
North EastSedgefield
93%
EasternSouth Basildon and East Thurrock
93%
Northern IrelandSouth Down
93%
East MidlandsSouth Leicestershire
93%
East MidlandsSouth Northamptonshire
93%
North WestSouthport
93%
West MidlandsSouth Staffordshire
93%
EasternSouth West Hertfordshire
93%
South WestSouth West Wiltshire
93%
West MidlandsStaffordshire Moorlands
93%
EasternSt Albans
93%
EasternStevenage
93%
North WestSt Helens North
93%
North WestSt Helens South and Whiston
93%
South WestSt Ives
93%
North WestStockport
93%
South WestTaunton Deane
93%
West MidlandsTelford
93%
Greater LondonTooting
93%
South WestTruro and Falmouth
93%
South EastTunbridge Wells
93%
WalesVale of Glamorgan
93%
Yorkshire & the HumberWakefield
93%
West MidlandsWalsall North
93%
West MidlandsWalsall South
93%
North WestWarrington North
93%
North WestWarrington South
93%
Greater LondonWest Ham
93%
North WestWest Lancashire
93%
South WestWeston-Super-Mare
93%
Northern IrelandWest Tyrone
93%
West MidlandsWest Worcestershire
93%
North WestWirral South
93%
North WestWirral West
93%
South EastWitney
93%
South EastWoking
93%
South WestYeovil
93%
ScotlandArgyll and Bute
92%
South EastArundel and South Downs
92%
East MidlandsAshfield
92%
North WestAshton-Under-Lyne
92%
South EastBanbury
92%
ScotlandBanff and Buchan
92%
South EastBasingstoke
92%
Greater LondonBethnal Green and Bow
92%
Yorkshire & the HumberBeverley and Holderness
92%
South EastBexhill and Battle
92%
North EastBlyth Valley
92%
South EastBognor Regis and Littlehampton
92%
South EastBracknell
92%
WalesBrecon and Radnorshire
92%
EasternBrentwood and Ongar
92%
WalesBridgend
92%
Greater LondonBromley and Chislehurst
92%
West MidlandsBromsgrove
92%
Greater LondonCamberwell and Peckham
92%
South WestCamborne and Redruth
92%
WalesCarmarthen East and Dinefwr
92%
Greater LondonCarshalton and Wallington
92%
WalesCeredigion
92%
EasternChelmsford
92%
Greater LondonChingford and Woodford Green
92%
Greater LondonChipping Barnet
92%
North WestChorley
92%
EasternClacton
92%
Yorkshire & the HumberCleethorpes
92%
WalesClwyd South
92%
WalesClwyd West
92%
East MidlandsCorby
92%
Yorkshire & the HumberDewsbury
92%
Yorkshire & the HumberDon Valley
92%
Greater LondonDulwich and West Norwood
92%
ScotlandEast Dunbartonshire
92%
EasternEpping Forest
92%
South EastEpsom and Ewell
92%
South EastEsher and Walton
92%
South WestForest of Dean
92%
North EastGateshead
92%
South EastGosport
92%
Yorkshire & the HumberHalifax
92%
Greater LondonHampstead and Kilburn
92%
EasternHarlow
92%
Greater LondonHendon
92%
North EastHexham
92%
East MidlandsHigh Peak
92%
Greater LondonHornchurch and Upminster
92%
North EastJarrow
92%
ScotlandKilmarnock and Loudoun
92%
ScotlandKirkcaldy and Cowdenbeath
92%
ScotlandLanark and Hamilton East
92%
North WestLeigh
92%
South EastLewes
92%
West MidlandsLichfield
92%
West MidlandsLudlow
92%
EasternMid Bedfordshire
92%
ScotlandMidlothian
92%
Greater LondonMitcham and Morden
92%
WalesMontgomeryshire
92%
ScotlandMoray
92%
North WestMorecambe and Lunesdale
92%
ScotlandMotherwell and Wishaw
92%
South EastNewbury
92%
South EastNew Forest East
92%
South EastNew Forest West
92%
EasternNorth East Bedfordshire
92%
West MidlandsNorth Herefordshire
92%
South EastNorth Thanet
92%
West MidlandsNorth Warwickshire
92%
West MidlandsNuneaton
92%
Greater LondonOrpington
92%
Yorkshire & the HumberPudsey
92%
Greater LondonPutney
92%
West MidlandsRedditch
92%
South EastRochester and Strood
92%
Greater LondonRomford
92%
Yorkshire & the HumberRother Valley
92%
West MidlandsRugby
92%
ScotlandRutherglen and Hamilton West
92%
West MidlandsShrewsbury and Atcham
92%
Yorkshire & the HumberSkipton and Ripon
92%
West MidlandsSolihull
92%
North EastSouth Shields
92%
South EastSouth Thanet
92%
EasternSouth West Bedfordshire
92%
West MidlandsStone
92%
West MidlandsStratford-on-Avon
92%
West MidlandsTamworth
92%
South EastTonbridge and Malling
92%
Greater LondonTwickenham
92%
WalesVale of Clwyd
92%
Greater LondonVauxhall
92%
Greater LondonWalthamstow
92%
South WestWells
92%
ScotlandWest Aberdeenshire and Kincardine
92%
North WestWorkington
92%
South WestWorthing West
92%
North WestWythenshawe and Sale East
92%
WalesYnys Môn
92%
WalesAberavon
91%
WalesAberconwy
91%
ScotlandAirdrie and Shotts
91%
West MidlandsAldridge-Brownhills
91%
WalesAlyn and Deeside
91%
East MidlandsAmber Valley
91%
East MidlandsBassetlaw
91%
South EastBeaconsfield
91%
ScotlandBerwickshire, Roxburgh and Selkirk
91%
Greater LondonBexleyheath and Crayford
91%
WalesBlaneau Gwent
91%
North WestBootle
91%
EasternBraintree
91%
Yorkshire & the HumberBrigg and Goole
91%
EasternBroxbourne
91%
East MidlandsBroxtowe
91%
WalesCaerphilly
91%
Yorkshire & the HumberCalder Valley
91%
South EastChatham and Aylesford
91%
North WestCheadle
91%
South WestChippenham
91%
South WestChristchurch
91%
Yorkshire & the HumberColne Valley
91%
North WestCongleton
91%
North WestCopeland
91%
East MidlandsDaventry
91%
WalesDelyn
91%
South WestDevizes
91%
North EastEasington
91%
ScotlandEast Renfrewshire
91%
Greater LondonEdmonton
91%
North WestEllesmere Port and Neston
91%
Greater LondonEltham
91%
Greater LondonErith and Thameshead
91%
South EastFareham
91%
South EastFaversham and Mid Kent
91%
Greater LondonFeltham and Heston
91%
South EastFolkestone and Hythe
91%
North WestFylde
91%
East MidlandsGainsborough
91%
East MidlandsGedling
91%
WalesGower
91%
South EastHavant
91%
Greater LondonHayes and Harlington
91%
EasternHemel Hempstead
91%
South EastHenley
91%
EasternHitchin and Harpenden
91%
Greater LondonHornsey and Wood Green
91%
South EastHorsham
91%
EasternHuntingdon
91%
ScotlandInverclyde
91%
Yorkshire & the HumberKeighley
91%
Greater LondonLeyton and Wanstead
91%
WalesLlanelli
91%
East MidlandsLouth and Horncastle
91%
EasternMaldon
91%
West MidlandsMeriden
91%
WalesMerthyr Tydfil and Rhymney
91%
Northern IrelandMid Ulster
91%
Yorkshire & the HumberMorley and Outwood
91%
WalesNeath
91%
East MidlandsNewark
91%
Yorkshire & the HumberNormanton, Pontefract and Castleford
91%
North EastNorth Tyneside
91%
ScotlandOchil and South Perthshire
91%
North WestPendle
91%
Yorkshire & the HumberPenistone and Stocksbridge
91%
WalesPontypridd
91%
Greater LondonPoplar and Limehouse
91%
South EastReigate
91%
WalesRhondda
91%
South EastRunnymede and Weybridge
91%
East MidlandsRushcliffe
91%
South EastSevenoaks
91%
East MidlandsSherwood
91%
Yorkshire & the HumberShipley
91%
South WestSomerton and Frome
91%
North WestSouth Ribble
91%
South WestSt Austell and Newquay
91%
West MidlandsStourbridge
91%
Greater LondonStreatham
91%
South WestStroud
91%
South WestTewkesbury
91%
South WestThe Cotswolds
91%
EasternThurrock
91%
South WestTiverton and Honiton
91%
South WestTorbay
91%
South WestTotnes
91%
North EastTynemouth
91%
Northern IrelandUpper Bann
91%
North WestWallasey
91%
North EastWansbeck
91%
East MidlandsWellingborough
91%
EasternWelwyn Hatfield
91%
ScotlandWest Dunbartonshire
91%
EasternWitham
91%
South EastWokingham
91%
South WestWycombe
91%
West MidlandsWyre Forest
91%
WalesArfon
90%
Greater LondonBeckenham
90%
North WestBlackley and Broughton
90%
North EastBlaydon
90%
East MidlandsBosworth
90%
West MidlandsCannock Chase
90%
EasternCastle Point
90%
ScotlandCentral Ayrshire
90%
ScotlandCoatbridge, Chryston and Bellshill
90%
ScotlandCumbernauld, Kilsyth and Kirkintilloch East
90%
WalesCynon Valley
90%
North WestDenton and Reddish
90%
ScotlandDumfriesshire, Glydesdale and Tweeddale
90%
WalesDwyfor Meirionnydd
90%
ScotlandEast Kilbride, Strathaven and Lesmahagow
90%
North WestEddisbury
90%
Yorkshire & the HumberElmet and Rothwell
90%
East MidlandsErewash
90%
South WestFilton and Bradley Stoke
90%
Northern IrelandFoyle
90%
ScotlandGlenrothes
90%
ScotlandGordon
90%
South EastGravesham
90%
West MidlandsHalesowen and Rowley Regis
90%
East MidlandsHarborough
90%
North WestHazel Grove
90%
Yorkshire & the HumberHemsworth
90%
EasternHertsmere
90%
North WestHeywood and Middleton
90%
North WestHyndburn
90%
WalesIslwyn
90%
North WestKnowsley
90%
Northern IrelandLagan Valley
90%
ScotlandLivingston
90%
North WestMakerfield
90%
South EastMeon Valley
90%
South EastMole Valley
90%
ScotlandNorth Ayrshire and Arran
90%
WalesOgmore
90%
EasternRayleigh and Wickford
90%
North WestSefton Central
90%
Yorkshire & the HumberSelby and Ainsty
90%
South EastSittingbourne and Sheppey
90%
East MidlandsSouth Holland and the Deepings
90%
Northern IrelandStrangford
90%
North WestTatton
90%
West MidlandsThe Wrekin
90%
WalesTorfaen
90%
South EastWantage
90%
West MidlandsWarley
90%
EasternWaveney
90%
North WestWestmorland and Lonsdale
90%
North WestWorsley and Eccles South
90%
EasternBroadland
89%
East MidlandsCharnwood
89%
North WestGarston and Halewood
89%
Yorkshire & the HumberHaltemprice and Howden
89%
North WestHalton
89%
South WestKingswood
89%
South WestNewton Abbot
89%
North WestRibble Valley
89%
North WestRossendale and Darwen
89%
EasternSaffron Walden
89%
East MidlandsSleaford and North Hykeham
89%
South EastSpelthorne
89%
North WestStalybridge and Hyde
89%
North WestStretford and Urmston
89%
Yorkshire & the HumberThirsk and Malton
89%
South WestThornbury and Yate
89%
South EastWealden
89%
North WestWeaver Vale
89%
Yorkshire & the HumberWentworth and Dearne
89%

Score Distribution

Percentile by Number Answered

Percent of People with Each Score

Your Score History

You have not taken this quiz since the last reset